000 00216nam a2200085Ia 4500
008 170620s9999 xx 000 0 und d
100 _aTRIPATHI-S.C.
245 0 _aMODERN COMPANY LAW
260 _bALLAHABAD CENTRAL LAW PUBLICATIONS
260 _c2009
999 _c29562
_d29562